Catálogo de la Biblioteca Horacio González - Universidad Nacional de General Sarmiento

Teaching language as communication (Registro nro. 6584)

Detalles MARC
000 -CABECERA
campo de control de longitud fija 01013nam a22002770a 4500
001 - NÚMERO DE CONTROL
campo de control PT2898
003 - IDENTIFICADOR DEL NÚMERO DE CONTROL
campo de control AR-LpoUNG
005 - FECHA Y HORA DE LA ÚLTIMA TRANSACCIÓN
campo de control 20250130115816.0
008 - DATOS DE LONGITUD FIJA--INFORMACIÓN GENERAL
campo de control de longitud fija 191001s1992||||xxu|||||||||||||||||eng d
020 ## - NÚMERO INTERNACIONAL ESTÁNDAR DEL LIBRO
Número Internacional Estándar del Libro 0194370771
Condiciones de disponibilidad $30
040 ## - FUENTE DE LA CATALOGACIÓN
Centro catalogador/agencia de origen AR-LpoUNG
Lengua de catalogación spa
Centro/agencia transcriptor AR-LpoUNG
Normas de descripción aacr
041 0# - CÓDIGO DE LENGUA
Código de lengua del texto/banda sonora o título independiente eng
044 ## - CÓDIGO DEL PAÍS DE LA ENTIDAD EDITORA/PRODUCTORA
Código MARC del país xxu
082 0# - NÚMERO DE LA CLASIFICACIÓN DECIMAL DEWEY
Número de clasificación 407 638tea
100 1# - ENTRADA PRINCIPAL--NOMBRE DE PERSONA
Nombre de persona Widdowson, H.G.
245 10 - MENCIÓN DE TÍTULO
Título Teaching language as communication
250 ## - MENCIÓN DE EDICIÓN
Mención de edición 9na. ed.
260 ## - PUBLICACIÓN, DISTRIBUCIÓN, ETC.
Lugar de publicación, distribución, etc. Oxford :
Nombre del editor, distribuidor, etc. Oxford University,
Fecha de publicación, distribución, etc. 1992.
300 ## - DESCRIPCIÓN FÍSICA
Extensión 168 p. :
Otras características físicas gráfs., il.
520 ## - SUMARIO, ETC.
Sumario, etc. El autor desempeña un importante y pionero rol en el desarrollo en la teoría de enseñanza del lenguaje cominicacional. El presente trabajo desarrolla una aproximación racional a la enseñanza del lenguaje de la comunicación basados en consideraciones tales como la naturaleza del lenguaje y usuarios de actividades del lenguaje.
650 #4 - PUNTO DE ACCESO ADICIONAL DE MATERIA--TÉRMINO DE MATERIA
Término de materia o nombre geográfico como elemento de entrada ENSEÑANZA DE IDIOMAS
650 #4 - PUNTO DE ACCESO ADICIONAL DE MATERIA--TÉRMINO DE MATERIA
Término de materia o nombre geográfico como elemento de entrada LINGÜISTICA
650 #4 - PUNTO DE ACCESO ADICIONAL DE MATERIA--TÉRMINO DE MATERIA
Término de materia o nombre geográfico como elemento de entrada SEMIOTICA
905 ## - ELEMENTOS DE DATOS E LOCAL, LDE (RLIN)
a 2898
942 ## - ELEMENTOS DE PUNTO DE ACCESO ADICIONAL (KOHA)
Tipo de ítem Koha Libro
Fuente del sistema de clasificación o colocación Dewey Decimal Classification
Existencias
Estado de retiro Estado de pérdida Estado dañado No para préstamo Código de colección Localización permanente Ubicación/localización actual Fecha de adquisición Total de préstamos Signatura topográfica completa Código de barras Fecha visto por última vez Precio válido a partir de Tipo de ítem Koha
        Colección General Biblioteca Universidad Nacional de General Sarmiento Biblioteca Universidad Nacional de General Sarmiento 31/01/2021   407 638tea 00005901 31/01/2021 31/01/2021 Libro